000
00280nam a22001337a 4500
008
170502b xxu||||| |||| 00| 0 eng d
020
_a
9780735584792
041
_a
eng
080
_2
7 ED
_a
34
100
_a
13
101
_a
SHJ
245
_a
EVIDENCE
_c
BEST.A
942
_2
udc
_c
BK
999
_c
12396
_d
12396